00459nam a2200181Ia 4500008004100000020001800041245002000059245006100079260001500140260001600155260000900171300001500180300002500195300001000220440002000230500000800250999001900258170705s9999 xx 000 0 und d a9780545458450 aNext-door dog / cStephanie Greene ; illustrated by Stephanie Roth Sisson. aNew York : bScholastic, c2011 a83 pages : bcolor illustration ; c19cm. aPrincess Posey. a300 c335608d335608